=LDR 00000nam 2200000 4500 =001 INLIS000000000024357 =005 20130612122941 =008 ***********************************Ind** =035 ##$$0010-061300000024357 =041 ##$$a Ind =082 ##$$a 650.1 =090 ##$$a 650.1, Fat k =100 ##$$a Fathi, Muhammad =245 ##$$a Kini anda direktur, Muhammad Fathi =260 ##$$a 2005 $b Jakarta =300 ##$$a xvi, 255 hlm, 21 cm =650 ##$$a Sukses-Direktur =850 ##$$a NBPNMAT